| 000 | 00585nam a2200205Ia 4500 | ||
|---|---|---|---|
| 005 | 20250923144650.0 | ||
| 008 | 008 250917s9999 xx 000 0 eng d | ||
| 037 | _aTextual | ||
| 040 |
_aDSWL _beng _cDSWL |
||
| 041 |
_aeng _2eng |
||
| 084 | _qDSWL | ||
| 100 |
_aMclarney, William J. _9827146 |
||
| 245 | 0 |
_aManagement training cases and principles _cby William J.Mclarney |
|
| 260 |
_aHomewood _bHomewood, Illinois Richard D. Irwin, Inc. _c1955 |
||
| 300 | _axx,372p. | ||
| 365 |
_aUSD _b5.40. |
||
| 925 | _g5.40. | ||
| 942 | _cTEXL | ||
| 999 |
_c1441791 _d1441791 |
||